00280pab a2200121 454500008004000000100001600040245003800056260000900094300001100103362001100114650001300125773002000138180718b2010 xxu||||| |||| 00| 0 eng d aNeelima, A. aAyurveda and teaching methodology c2010 ap.1-7. a27 Dec aTeaching aUniversity News